| 000 | 00417pam a2200157a 44500 | ||
|---|---|---|---|
| 008 | 230515b2002 xxu||||| |||| 00| 0 eng d | ||
| 020 | _a1840005092 | ||
| 041 | _aENG | ||
| 082 | _a721.822 | ||
| 100 | _aSLESSOR C | ||
| 245 | _a"CONTEMPORARY DOORWAYS ARCHITECTURAL, ENTRANCES, TRANSITIONS AND THRESHOLDS" | ||
| 250 | _a0 | ||
| 260 |
_aNULL _bOCTOPUS PUBLISHING GROUP LTD. _c2002 |
||
| 300 | _a176 | ||
| 650 | _aNULL | ||
| 999 |
_c477268 _d477268 |
||